autos françaises anciennes à reconnaitre - Statistiques

Statistiques générales
  • Ce quiz a été pris 17 fois
  • Le résultat moyen est 8 sur 16
Statistiques - réponses
Par images Réponse % Correct
Ds
100%
traction
92%
2cv
85%
Simca 1000
69%
403
62%
4cv
62%
Dauphine
62%
204
54%
202
38%
203
38%
Ami 6
38%
Fregate
38%
Dyna x
15%
Dyna z
15%
pl17
15%
Versailles
15%
Aucun quiz correspondant
Distribution des résultats
% des personnes avec chaque résultat
Percentile par nombre de réponses
Votre historique - résultats
Vous n’avez pas pris ce quiz